Cú pháp tiếng Việt

Salvato in:
Dettagli Bibliografici
Autore principale: Nguyễn, Văn Hiệp
Natura: Libro
Pubblicazione: Hà Nội Đại học Quốc gia Hà Nội 2017
Edizione:Tái bản lần thứ nhất
Soggetti:
Tags: Aggiungi Tag
Nessun Tag, puoi essere il primo ad aggiungerne! !
Thư viện lưu trữ: Trung tâm Học liệu Lê Vũ Hùng, Trường Đại học Đồng Tháp
LEADER 00886pam a22002778a 4500
001 00041471
005 20180507100516.0
008 170628s2009 ||||||Viesd
020 # # |a 9786049396199  |c 200000 
041 0 # |a Vie 
082 1 4 |a 495.922  |b C500PH 
100 1 # |a Nguyễn, Văn Hiệp 
245 1 0 |a Cú pháp tiếng Việt  |c Nguyễn Văn Hiệp 
250 # # |a Tái bản lần thứ nhất 
260 # # |a Hà Nội  |b Đại học Quốc gia Hà Nội  |c 2017 
300 # # |a 310 tr.  |c 24 cm. 
504 # # |a Thư mục: tr.293-310 
653 # # |a Cú pháp 
653 # # |a Nghiên cứu 
653 # # |a Ngôn ngữ 
653 # # |a Ngữ pháp 
653 # # |a Tiếng Việt 
653 # # |a Việt Nam 
852 # # |j KD.0023621 
910 0 # |a chi  |d 07/05/2018 
980 # # |a Trung tâm Học liệu Lê Vũ Hùng, Trường Đại học Đồng Tháp